Digital Logic Design (Record no. 32965)
[ view plain ]
| 000 -LEADER | |
|---|---|
| fixed length control field | 00297nam a2200145Ia 4500 |
| 082 ## - DEWEY DECIMAL CLASSIFICATION NUMBER | |
| Classification number | 621.3819 |
| Item number | HOL |
| 100 ## - MAIN ENTRY--PERSONAL NAME | |
| Personal name | Holdsworth/B |
| 250 ## - EDITION STATEMENT | |
| Edition statement | 4 |
| 245 ## - TITLE STATEMENT | |
| Title | Digital Logic Design |
| 260 ## - PUBLICATION, DISTRIBUTION, ETC. | |
| Name of publisher, distributor, etc. | Newnes |
| Place of publication, distribution, etc. | New Delhi |
| Date of publication, distribution, etc. | 2002 |
| 300 ## - PHYSICAL DESCRIPTION | |
| Extent | 519 |
| 546 ## - LANGUAGE NOTE | |
| Language note | ENGLISH |
| 654 ## - SUBJECT ADDED ENTRY--FACETED TOPICAL TERMS | |
| Focus term | digital |
| 942 ## - ADDED ENTRY ELEMENTS (KOHA) | |
| Koha item type | BOOK |
| Withdrawn status | Lost status | Damaged status | Not for loan | Collection | Home library | Current library | Date acquired | Total Checkouts | Full call number | Barcode | Date last seen | Date last checked out | Price effective from | Koha item type |
|---|---|---|---|---|---|---|---|---|---|---|---|---|---|---|
| CRC | Fr. Agnel's C.Rodrigues College of Engineering | AGNEL TECHNICAL COLLEGE LIBRARY | 17/03/2023 | 4 | 621.3819 HOL | 15868 | 29/07/2024 | 18/07/2024 | 17/03/2023 | BOOK | ||||
| CRC | Fr. Agnel's C.Rodrigues College of Engineering | AGNEL TECHNICAL COLLEGE LIBRARY | 17/03/2023 | 1 | 621.3819 HOL | 15869 | 08/08/2025 | 12/06/2023 | 17/03/2023 | BOOK | ||||
| CRC | Fr. Agnel's C.Rodrigues College of Engineering | Fr. Agnel's C.Rodrigues College of Engineering | 17/03/2023 | 621.3819 HOL | 15870 | 17/03/2023 | 17/03/2023 | BOOK | ||||||
| CRC | Fr. Agnel's C.Rodrigues College of Engineering | Fr. Agnel's C.Rodrigues College of Engineering | 17/03/2023 | 621.3819 HOL | 15871 | 17/03/2023 | 17/03/2023 | BOOK | ||||||
| CRC | Fr. Agnel's C.Rodrigues College of Engineering | Fr. Agnel's C.Rodrigues College of Engineering | 17/03/2023 | 2 | 621.3819 HOL | 15872 | 03/08/2024 | 15/07/2024 | 17/03/2023 | BOOK |